Théorie algébrique des nombres /
Guardado en:
| Autor Principal: | |
|---|---|
| Formato: | Libro |
| Idioma: | French |
| Publicado: |
Paris :
Hermann,
1971, c1967.
|
| Edición: | 2. éd. revue et corrigée. |
| Series: | Collection Méthodes
|
| Etiquetas: |
Agregar Etiqueta
Sin Etiquetas, Sea el primero en etiquetar este registro!
|
| LEADER | 00923nam a22002055a 4500 | ||
|---|---|---|---|
| 001 | MAT.inmabb002227 | ||
| 008 | 730924t19711967fr#######b####001#0#fre#d | ||
| 005 | 20130416183219.0 | ||
| 245 | 1 | 0 | |a Théorie algébrique des nombres / |c Pierre Samuel. |
| 250 | |a 2. éd. revue et corrigée. | ||
| 260 | |a Paris : |b Hermann, |c 1971, c1967. | ||
| 300 | |a 130 p. ; |c 22 cm. | ||
| 440 | 0 | |a Collection Méthodes | |
| 504 | |a Bibliografía: p. [127]-128. | ||
| 505 | 8 | |a I. Anneaux principaux -- II. Éléments entiers sur un anneau. Éléments algébriques sur un corps -- III. Anneaux noethériens. Anneaux de Dedekind -- IV. Classes d'idéaux. Théorème des unités -- V. Décomposition des idéaux premiers dans une extension -- VI. Extensions galoisiennes des corps de nombres. | |
| 510 | 4 | |a MR, |c 35 #6643 | |
| 100 | 1 | |a Samuel, Pierre, |d 1921- | |
| 084 | |a 10.65 (12.00) |2 MR | ||
| 010 | |a 73348616 | ||
| 859 | |h 11 |i Sa193 |p A-3900 |b BIB. MATEMATICA | ||
